| 000 | 02173nam a2200397 4500 | ||
|---|---|---|---|
| 001 | 39263 | ||
| 003 | BD-RjUL | ||
| 005 | 20211209052944.0 | ||
| 008 | 160406m20142008bg a||| |||| 00|10 bbend | ||
| 020 |
_a9840746472 (V-1): 2008 _c: Tk.500.00 |
||
| 020 |
_a9840746480 (V-2): 2008 _c: Tk.500.00 |
||
| 020 |
_a98407516964 (V-1) : 2014 _c: Tk.500.00 |
||
| 020 |
_a9840751972 (V-2) : 2014 _c: Tk. 500.00 |
||
| 035 | _a(BD-RjUL)39376 | ||
| 040 |
_aBD-RjUL _bben/eng _cBD-RjUL |
||
| 041 | _aben | ||
| 082 |
_223 _bBAN 2008-2014 _a954.9205092 |
||
| 245 | 0 | 0 |
_aবঙ্গবন্ধু শেখ মুজিবুর রহমান : _bজীবন ও রাজনীতি / _cসম্পাদক মোনায়েম সরকার ; সম্পাদনা ও প্রামান্যকরণ পরিষদ: সন্তোষ গুপ্ত ...[এবং অন্যান্য] |
| 260 |
_aঢাকা : _bবাংলা একাডেমী, _c২০০৮ [মুর্দ্রণ ২০১৪] |
||
| 300 |
_a খণ্ড : _bচিত্র ; _c২২ সেমি. |
||
| 490 |
_aবাএ ; _v৪৬৩৮ (V-1:2008) |
||
| 490 |
_aবাএ ; _v৪৬৩৯ (V-2:2008) |
||
| 490 |
_aবাএ ; _v৫১৮৭ (V-1:2014) |
||
| 490 |
_aবাএ ; _v৫১৮৮ (V-2:2014) |
||
| 504 | _aটিকা ও তথ্যনির্দেশ সংযুক্ত | ||
| 505 | _aখন্ড ১-- খন্ড ২ -- | ||
| 650 |
_aমুজিবুর রহমান , শেখ _9121072 _vজীবনী _y১৯২০-১৯৭৫ |
||
| 650 |
_aMujibur Rahman, Sheikh _vBiography _y1920-1975 _9121440 |
||
| 700 |
_aসরকার, মোনায়েম, সম্পাদক _9235933 |
||
| 700 |
_aগুপ্ত, সন্তোষ ...[এবং অন্যান্য], সম্পাদনা ও প্রামান্যকরণ পরিষদ _9235934 |
||
| 830 |
_aবাএ ; _v৪৬৩৮ (V-1:2008) _9235935 |
||
| 830 |
_aবাএ ; _v৪৬৩৯ (V-2:2008) _9235935 |
||
| 830 |
_aবাএ ; _v৫১৮৭ (V-1:2014) _9235935 |
||
| 830 |
_aবাএ ; _v৫১৮৮ (V-2:2014) _9235935 |
||
| 942 |
_2ddc _cBK |
||
| 999 |
_c39263 _d39263 |
||